The Portugal Quiz Stats

 Plays Quiz Updated Jan 8, 2017

Also try: The Spain Quiz
Challenge
Share
Tweet
Embed
Score 0/50 Timer 07:00
15 Plays Today
Hint Answer % Correct
Flag Color (Including Emblem)Red
96.7%
Flag Color (Including Emblem)Green
95.9%
Capital CityLisbon
94.1%
Flag Color (Including Emblem)Yellow
93.3%
CurrencyEuro
92.1%
Flag Color (Including Emblem)White
90%
Nationality (Demonym)Portuguese
89.3%
Official LanguagePortuguese
89.3%
Flag Color (Including Emblem)Blue
87.4%
Bordering CountrySpain
86.2%
Flag Color (Including Emblem)Black
84.7%
Primary ContinentEurope
84.6%
Most Popular SportFootball (Soccer)
82.9%
Lowest Point (0m)Atlantic Ocean
82%
Bordering OceanAtlantic Ocean
81.2%
Drives on this side of the roadRight
80.7%
Number of Districts18
80.6%
Age of Suffrage18
79.9%
Largest Religious DenominationRoman Catholic
75.4%
Second Largest CityPorto
75.1%
PeninsulaIberian
74.8%
Internet Country Code.pt
67.9%
Official NamePortuguese Republic
66.6%
Autonomous RegionMadeira
49.6%
Autonomous RegionAzores
47.5%
Hint Answer % Correct
Year of European Union Accession1986
43%
Longest RiverTagus
35.5%
Former CurrencyEscudo
34.5%
Year Founded as a Republic1910
25.3%
Prime MinisterAntónio Costa
21.2%
PresidentMarcelo Rebelo de Sousa
20.7%
National AnthemA Portuguesa
19.7%
Largest LakeAlqueva Lake
17.8%
First KingAfonso I
17.8%
Highest Point (2,351m)Mount Pico
17.6%
Largest StadiumEstádio da Luz
17.3%
Last KingManuel II
15.5%
Recognized Regional LanguageMirandese
14.5%
National TreeCork Oak
12%
National DayJune 10
11%
Assembly PresidentEduardo Ferro Rodrigues
10%
Largest DistrictBeja
9.2%
Largest IslandSão Miguel Island
8.7%
Third Largest CityVila Nova de Gaia
8.6%
First PresidentManuel de Arriaga
8.3%
National BirdRooster of Barcelos
8.1%
Largest CathedralCathedral of Évora
6.9%
Presidential ResidenceBelém Palace
6.7%
National AnimalIberian Wolf
6.4%
National FlowerLavender
4.1%

You're not logged in!

Compare scores with friends on all Sporcle quizzes.
Join for Free
OR
Log In

You Might Also Like...

Show Comments

Extras

Top Quizzes Today


Score Distribution

Your Account Isn't Verified!

In order to create a playlist on Sporcle, you need to verify the email address you used during registration. Go to your Sporcle Settings to finish the process.

Report this User

Report this user for behavior that violates our Community Guidelines.

Details: